000 00763nam a2200253Ia 4500
003 OSt
005 20221005050830.0
006 a|||||r|||| 00| 0
007 ta
008 221004b |||||||| |||| 00| 0 eng d
020 _a9780810888135 (pbk)
_c4343.97
024 _a17225
037 _b1112, 16/02/2015, Aditya Books Pvt. Ltd.
_cTextual
040 _aCRL
_cCRL
_beng
041 _2eng
_aeng
082 _a24(L), Q4
100 _aWood M Sandra Ed.
_935066
245 0 _aHealth science librarianship
260 _aLanham
_bRowman & Littlefield
_c2014
300 _axxiii,448p.
_ccm.
650 _aLIBRARY SCIENCE
942 _h24(L), Q4
_cTEXL
_2cc
999 _c957759
_d957759